000 01139nam a2200265 a 4500
003 DO-SdBNP
005 20220708091617.0
007 ta
008 220614e20122010dr adh|fr|||| 00| 0dspa d
020 _a9781470158095
040 _aDO-SdBNP
_bspa
_cBNPHU
082 4 _222
_bE74t
245 1 0 _aTribunales especiales de Seguridad Social:
_bimportancia de la creación de Tribunales Especiales de Seguridad Social en la República Dominicana. /
_cAnneline Elizabeth Escoto Salcedo; Óleo de Clelia Genao Almonte.
260 _a[Santo Domingo] :
_b[s.n.],
_c2012
300 _a107 p :
_bil., gráf., facs. ;
_c23 cm.
500 _aIncluye datos biográficos de la autora en la contracubierta.
500 _aIlustración de portada "Reflejo de una Población Vulnerable", Óleo de la Pintora Clelia Genao Almonte.
500 _aIncluye bibliografía y notas al pié de páginas.
590 _aInventariado 2022 / MF
650 4 _936782
_aSeguridad Social
_xInvestigaciones
_zRepública Dominicana
650 4 _911022
_aSistemas de Seguridad Social
700 1 _aGenao Almonte, Clelia
_eóleo
_981969
910 _aMFeliz
942 _2ddc
_cLBS1
999 _c52035
_d52035